01745cam a22004097a 4500003000500000005001700005008004100022010001000063011001000073035001000083040000900093090001000102100003100112245018400143260004100327300003700368502011700405590003700522590004100559590004100600590004100641590004100682590004100723590004200764650003100806650002600837650002700863700003700890901000700927905001300934942000900947949005500956949004101011999001701052952014001069952012601209CHAP20220329142354.0001010d2000 mx o r 00110 spa d a82520 a83492 a94005 cCHAP aTesis00aCruz Morales, Omar.92951810aDeterminación de sustancias fenólicas e identificación de insectos polinizantes en el cultivo de papaya (Carica papaya L.)c/por Omar Cruz Morales y Orlando López Gómez. aChapingo, Méx. :bEl autor,c2000. a76 h. :bfots., cuads., gráfs. aTesis (Ing. Agr. Esp. en Fitotecnia y Parasitología A.) -- UACH. Departamento de Fitotecnia y Parasitología. aALEPHb10c20130110lUCH01h1438 aBATCH-UPDb10c20130110lUCH01h0500 aBATCH-UPDb10c20130110lUCH01h2226 aBATCH-UPDb10c20130410lUCH01h0138 aBATCH-UPDb10c20130410lUCH01h1610 aBATCH-UPDb10c20130914lUCH01h1106 aCONVERSIONb10c20130109lUCH01h134614aFrutaxFloración.94361914aPapayaxPolen.98535214aPolinización.9902370 aLópez Gómez, Orlando.967943 aBK aEdna Luz cFOLL bBCcTESd33724000806451eTS2fc.2h37201i94005sb bBCcTESd94005eTS1h37183i94005sb c82520d82520 00102local4053708TESISaBCbBCcPA_TESISd2019-12-31fTESISl0oTesisp33724000806451r2019-12-31 00:00:00tc.2w2019-12-31yTESIS 00102local4051708TESISaBCbBCcPA_TESISd2019-12-31fTESISl0oTesisp94005r2019-12-31 00:00:00w2019-12-31yTESIS